Treatise on physiological optics / (Record no. 64599)

000 -LEADER
fixed length control field 01378cam a22003374a 4500
001 - CONTROL NUMBER
control field 13849476
003 - CONTROL NUMBER IDENTIFIER
control field NUST - PNEC
005 - DATE AND TIME OF LATEST TRANSACTION
control field 20170116180851.0
008 - FIXED-LENGTH DATA ELEMENTS--GENERAL INFORMATION
fixed length control field 050125s2005 nyua 000 0 eng
010 ## - LIBRARY OF CONGRESS CONTROL NUMBER
LC control number 2005042046
020 ## - INTERNATIONAL STANDARD BOOK NUMBER
International Standard Book Number 0486442640
040 ## - CATALOGING SOURCE
Transcribing agency LIBRARY
041 1# - LANGUAGE CODE
Language code of text/sound track or separate title eng
Language code of original ger
042 ## - AUTHENTICATION CODE
Authentication code pcc
050 00 - LIBRARY OF CONGRESS CALL NUMBER
Classification number QP475
Item number .H48613 2005
082 00 - DEWEY DECIMAL CLASSIFICATION NUMBER
Classification number 612.84 HEL
Edition number 22
100 1# - MAIN ENTRY--PERSONAL NAME
Personal name Helmholtz, Hermann von,
Dates associated with a name 1821-1894.
240 10 - UNIFORM TITLE
Uniform title Handbuch der physiologischen Optik.
Language of a work English
245 10 - TITLE STATEMENT
Title Treatise on physiological optics /
Statement of responsibility, etc. Hermann von Helmholtz ; edited by James P.C. Southall.
250 ## - EDITION STATEMENT
Edition statement Dover ed.
260 ## - PUBLICATION, DISTRIBUTION, ETC.
Place of publication, distribution, etc. Mineola, NY :
Name of publisher, distributor, etc. Dover Publications,
Date of publication, distribution, etc. 2005.
300 ## - PHYSICAL DESCRIPTION
Extent 3 v. :
Other physical details ill. ;
Dimensions 23 cm.
440 #0 - SERIES STATEMENT/ADDED ENTRY--TITLE
Title Dover phoenix editions
500 ## - GENERAL NOTE
General note "An unabridged and corrected republication of the English translation of Handbuch der physiologischen Optik, originally published in 1924 by the Optical Society of America, Rochester, New York."
650 #0 - SUBJECT ADDED ENTRY--TOPICAL TERM
Topical term or geographic name entry element Physiological optics.
General subdivision -
700 1# - ADDED ENTRY--PERSONAL NAME
Personal name Southall, James P. C.
Fuller form of name (James Powell Cocke),
Dates associated with a name 1878-
856 42 - ELECTRONIC LOCATION AND ACCESS
Materials specified Publisher description
Uniform Resource Identifier <a href="http://www.loc.gov/catdir/enhancements/fy0624/2005042046-d.html">http://www.loc.gov/catdir/enhancements/fy0624/2005042046-d.html</a>
906 ## - LOCAL DATA ELEMENT F, LDF (RLIN)
a 7
b cbc
c orignew
d 1
e ocip
f 20
g y-gencatlg
942 ## - ADDED ENTRY ELEMENTS (KOHA)
Source of classification or shelving scheme
Koha item type Book
Holdings
Withdrawn status Lost status Source of classification or shelving scheme Damaged status Not for loan Permanent Location Current Location Shelving location Date acquired Total Checkouts Full call number Barcode Date last seen Price effective from Koha item type
          Pakistan Navy Engineering College (PNEC) Pakistan Navy Engineering College (PNEC)       612.84 HEL PNECLIB-028434 08/25/2015   Book
© 2023 Central Library, National University of Sciences and Technology. All Rights Reserved.